000 00559nmm a2200157Ia 4500
008 251105s9999||||xx |||||||||||||||||und||
041 _aspa
100 _aEstefanía Lera, José Luis (coord.)
245 0 _aPrincipales aspectos normativos para una escuela pública de calidad
264 _a[Madrid, España] :
_bMinisterio de Educación, Cultura y Deporte de España,
_c2012
300 _a214 páginas
490 _aConocimiento educativo. Aula permanente
650 _aEducation
856 _uhttps://public.digitaliapublishing.com/a/17825
942 _cCF
999 _c98914
_d98914